Normal view
MARC view
- الزبن، عدنان ساري؛ مصطفى طلال الجلابنة
Entry Personal Name
001 - CONTROL NUMBER
- control field: 38070
003 - CONTROL NUMBER IDENTIFIER
- control field: JO-AjAnu
005 - DATE AND TIME OF LATEST TRANSACTION
- control field: 20230606080337.0
008 - FIXED-LENGTH DATA ELEMENTS
- fixed length control field: 230606|| aca||aabn | a|a d
040 ## - CATALOGING SOURCE
- Original cataloging agency: JO-AjAnu
- Transcribing agency: JO-AjAnu
100 ## - HEADING--PERSONAL NAME
- Personal name: الزبن، عدنان ساري؛ مصطفى طلال الجلابنة
670 ## - SOURCE DATA FOUND
- Source citation: Work cat.: (JO-AjAnu)19532: الزبن، عدنان ساري؛ مصطفى طلال الجلابنة, author, لأطفال وفتيان الثورة العربية الكبرى: الحسين بن علي أمير المؤمنين وملك العرب